LEADER 01194nam a2200277 u 4500 001 000000063828 003 CaOOAMICUS 005 20070226121305.0 008 011107s1970 ne u000 u ger u 035 $a10909165 040 $aPUL$bita 100 1 $aHusserl, Edmund,$d1859-1938.$0(OLS)http://pul/name/10441 245 10$aPhilosophie der Arithmetik /$cEdmund Husserl ; mit ergänzenden Texten (1890-1901) herausgegeben von Lothar Eley. 260 $aDen Haag :$bM. Nijhoff,$c1970. 300 $axxvix [sic!], 585 p. ;$c24 cm 490 1 $aHusserliana ;$vBd. 12 504 $aBibliografia in nota. 650 4$aMatematica$xStudio e insegnamento.$0(OLS)http://pul/subject/23832 650 4$aScienza e filosofia.$0(OLS)http://pul/subject/19623 700 1 $aEley, Lothar.$0(OLS)http://pul/name/43242 830 0$aHusserliana ;$vBd. 12.$0(OLS)http://pul/title/71568 850 $aPUL 852 $aPUL$W1$xSL Filosofia 1$y2$m86 M 12$j82784$nBK-PRI$b $qStampati$B82784$CPULBib$Z2$F82784 $H $81 941 1 $a8 996 $6245$aPhilosophie der Arithmetik$9(OLS)http://pul/title/85082 996 $6260$aDen Haag :$bM. Nijhoff$9(OLS)http://pul/publisher/70645 LEADER 01436nam a2200325 u 4500 001 000000086333 003 CaOOAMICUS 005 20070226124304.0 008 050928s1923 it a u000 u ita u 035 $a11060500 040 $aPUL(R)$bita 041 1 $aita$hgrc 100 0 $aHomerus,$dsec. VIII a.C.$0(OLS)http://pul/name/7026 240 10$aOdyssea$9(Homerus, sec. VIII a.C.).$lItaliano.$0(OLS)http://pul/title/72068 245 10$aOdissea /$cOmero ; con incisioni di A. De Carolis. 260 $aBologna :$bZanichelli,$c1923. 300 $a2 v. :$bill. ;$c20 cm 490 1 $aI poeti greci 505 0 $a1. Dal Canto I al Canto XII. -- 2. Dal Canto XIII al Canto XXIV. 700 1 $aRomagnoli, Ettore,$d1871-1938.$0(OLS)http://pul/name/982 700 1 $aDe Carolis, Adolfo,$d1874-1928.$0(OLS)http://pul/name/18710 830 2$aI poeti greci (Zanichelli).$0(OLS)http://pul/title/30671 850 $aPUL 852 $aPUL$W1$xDP1 Fondo Cecchetti$y53$m294 B 17-18$j109612$nBK-PRI$b $qFondi$B109612$CPULBib$Z2$F109612 $HPUL3633-3634 $81 852 $aPUL$W1$xDP1 Fondo Cecchetti$y53$m294 B 17-18$j109612$nBK-PRI$b $qFondi$B109613$CPULBib$Z2$F109613 $HPUL3633-3634 $81 900 $aHomer$97026 900 $aOmero$dsec. VIII a.C.$97026 941 1 $a1 996 $6245$aOdissea$9(OLS)http://pul/title/72069 996 $6260$aBologna :$bZanichelli$9(OLS)http://pul/publisher/48255